| 000 | 00805cab a2200241 4500 | ||
|---|---|---|---|
| 001 | ABS52154 | ||
| 008 | 090401t1995 xxu||||| |||| 00| 0 eng d | ||
| 035 | _a(Sirsi) u63865 | ||
| 041 | _aeng | ||
| 100 | _aPritchard, S. | ||
| 245 | _aAggregates on the road to nowhere | ||
| 260 | _c1995 | ||
| 350 | _a0 | ||
| 490 |
_aPlanning Week _v3(4) 26 January 1995, 16-17(2) |
||
| 520 | _aExamines the flaws in MPG6, "Guidelines for aggregate provision in England", which have been exposed by the government decision to review the roadbuilding programme reducing the demand for aggregates. | ||
| 650 | _aAGGREGATES | ||
| 650 | _aMINERAL PLANNING | ||
| 650 | _aMINERALS PLANNING GUIDANCE NOTE SIX | ||
| 650 | _aSUPPLY AND DEMAND | ||
| 690 | _aMINING AND MINERALS | ||
| 942 | _n0 | ||
| 948 | _c04/03/1997 | ||
| 999 |
_c39735 _d39735 |
||